| 000 | 00537nam a22001937a 4500 | ||
|---|---|---|---|
| 003 | OSt | ||
| 005 | 20140310182834.0 | ||
| 008 | 130605t xxu||||| |||| 00| 0 eng d | ||
| 020 | _a8180611574 | ||
| 050 |
_aQP 514.2 _b.R142 2003 |
||
| 082 |
_aM 574.192076 _bR12 2003 |
||
| 245 |
_aReview of medical biochemistry with MCQS / _cRaghu, B. |
||
| 260 |
_aNew Delhi : _bJaypee Brothers Medical Publishers LTD., _c2003 |
||
| 521 | _acollege students | ||
| 526 | _c1210L-1700L | ||
| 541 | _j1 | ||
| 562 | _e1 | ||
| 942 |
_2lcc _cBK _kM |
||
| 999 |
_c16713 _d16713 |
||